Statistics for World Capitals Closest To Paris (Advanced)

Click here to take the quiz!

General Stats

  • This quiz has been taken 420 times
    (319 since last reset)
  • The average score is 12 of 20

Answer Stats

km Capital City mi % Correct
266Brussels165
99%
290Luxembourg180
94%
343London213
90%
432Amsterdam268
87%
436Bern271
86%
690Monaco429
73%
568Vaduz353
72%
879Berlin546
71%
782Dublin486
69%
709Andorra la Vella440
66%
886Prague550
54%
1,107Rome688
48%
1,052Madrid654
46%
1,037Vienna645
45%
949San Marino590
44%
1,030Copenhagen640
43%
1,105Vatican CIty687
35%
969Ljubljana602
33%
1,094Bratislava679
27%
1,083Zagreb673
23%

Score Distribution

Percentile by Number Answered

Percent of People with Each Score

Your Score History

You have not taken this quiz since the last reset